| 000 | 00683nam a2200241Ia 4500 | ||
|---|---|---|---|
| 003 | OSt | ||
| 005 | 20221005120933.0 | ||
| 006 | a|||||r|||| 00| 0 | ||
| 007 | ta | ||
| 008 | 221004b |||||||| |||| 00| 0 eng d | ||
| 024 | _a34891 | ||
| 037 | _cTextual | ||
| 040 |
_aCRL _cCRL _beng |
||
| 041 |
_2eng _aeng |
||
| 082 | _aZ2:57N31, G1 | ||
| 110 |
_aIndia,Frontier Regulations Enquiry Committee(1931). _9629847 |
||
| 245 | 0 |
_aFrontier Regulations Enquiry Committee(1931) _b Report |
|
| 260 | _c1931 | ||
| 650 | _aLAW | ||
| 700 |
_aIndia,Frontier Regulations Enquiry Committee(1931). _9629848 |
||
| 942 |
_hZ2:57N31, G1 _cTEXL _2cc |
||
| 999 |
_c1039609 _d1039609 |
||